Large but NOT Populous Countries Quiz Stats

Quiz Updated Jan 2, 2016

Challenge
Share
Tweet
Embed
Score 0/10 Timer 03:00
23 Plays Today
% of World's Area Country % Correct
6.7%Canada
92.9%
5.2%Australia
88.1%
1.1%Mongolia
77.3%
1.5%Denmark (including Greenland)
63.5%
2.0%Argentina
60.6%
1.8%Kazakhstan
60.2%
1.3%Sudan
56.1%
1.6%Algeria
53%
1.4%Saudi Arabia
49.5%
1.2%Libya
49.1%

You're not logged in!

Compare scores with friends on all Sporcle quizzes.
Sign Up with Email
OR
Log In

You Might Also Like...

Show Comments

Extras

Top Quizzes Today


Score Distribution

Your Account Isn't Verified!

In order to create a playlist on Sporcle, you need to verify the email address you used during registration. Go to your Sporcle Settings to finish the process.